Luật quốc tế : Lý luận và thực tiễn

Nghiên cứu các vấn đề lý luận và thực tiễn của Luật quốc tế

Zapisane w:
Opis bibliograficzny
1. autor: Trần, Văn Thắng
Format: Książka
Język:Undetermined
Wydane: Hà Nội Giáo Dục 2001
Hasła przedmiotowe:
Etykiety: Dodaj etykietę
Nie ma etykietki, Dołącz pierwszą etykiete!
Thư viện lưu trữ: Trung tâm Học liệu Trường Đại học Cần Thơ
LEADER 00772nam a2200217Ia 4500
001 CTU_47423
008 210402s9999 xx 000 0 und d
020 |c 19500 
082 |a 341 
082 |b Th116/2001 
100 |a Trần, Văn Thắng 
245 0 |a Luật quốc tế : 
245 0 |b Lý luận và thực tiễn 
245 0 |c Trần Văn Thắng, Lê Mai Anh (đồng chủ biên) 
260 |a Hà Nội 
260 |b Giáo Dục 
260 |c 2001 
520 |a Nghiên cứu các vấn đề lý luận và thực tiễn của Luật quốc tế 
650 |a International law,Luật pháp Quốc tế 
904 |i Nguyên sửa 
980 |a Trung tâm Học liệu Trường Đại học Cần Thơ